000 00528nam a2200181Ia 4500
008 090124s9999 xx 000 0 und d
082 _b101428
100 _aशेळके शान्ता ज.
245 _a नव्या जगांत
250 _a1
260 _c1937
300 _a104
600 _aशेळके शान्ता ज.
630 _a नव्या जगांत
700 _aशेळके शान्ता ज.
730 _a नव्या जगांत
942 _cBOOK
999 _c147520
_d147520